• 首页
  • 本馆介绍
  • 公告通知
  • 最新文献
  • 馆藏检索
  • 电子资源
  • 读者导购
  • 参考咨询
  • 我的图书馆
  • 登录
  • 详细信息显示
  • 放入我的书架
  • 预约/预借图书
  • 作者相关作品
  • 分类相关作品
  • 丛书相关作品
  • 出版社相关作品

书目信息

  • 表格格式
  • 工作单格式
  • 卡片格式
题名:
沼气技术与生态农业
    
 
作者: 刘德江 著
分册:  
出版信息: 天津   天津科学技术出版社  2018.06
页数: 205页
开本: 26cm
丛书名:
单 册:
中图分类: S216.4 , S-0
科图分类:
主题词: 沼气--技术 , 生态农业--沼气利用--研究
电子资源:
ISBN: 978-7-5576-2306-7
000 00893nam0 2200241 450
001 4794
005 20181013093147.10
010    @a978-7-5576-2306-7@dCNY29.00
100    @a20170802d2018 em y0chiy50 ea
101 0  @achi
102    @aCN@b120000
105    @aa z 000yy
200 1  @a沼气技术与生态农业@9zhao qi ji shu yu sheng tai nong ye@f刘德江著
210    @a天津@c天津科学技术出版社@d2018.06
215    @a205页@c图@d26cm
330    @a本书共六章,不仅介绍了农村户用沼气技术、大中型沼气工程技术和以沼气为纽带的生态农业等技术知识,而且还把餐厨垃圾沼气化处理技术作为重点,详细介绍了我国餐厨垃圾处理的现状、餐厨垃圾的资源化利用技术和厌氧消化(沼气化)处理技术的知识。
606 0  @a沼气@x技术
606 0  @a生态农业@x沼气利用@x研究
690    @aS216.4@v5
690    @aS-0@v5
701  0 @a刘德江@9liu de jiang@c(农业)@4著
801  0 @aCN@b91MARC@c20170802
905    @aMuseLib@dS216.4@e54
    
    沼气技术与生态农业/刘德江著.-天津:天津科学技术出版社,2018.06
    205页:图;26cm
    
    
    ISBN 978-7-5576-2306-7:CNY29.00
    本书共六章,不仅介绍了农村户用沼气技术、大中型沼气工程技术和以沼气为纽带的生态农业等技术知识,而且还把餐厨垃圾沼气化处理技术作为重点,详细介绍了我国餐厨垃圾处理的现状、餐厨垃圾的资源化利用技术和厌氧消化(沼气化)处理技术的知识。
●
相关链接 在E读中查询图书 在五车中查询图书 在当当中查询图书 在豆瓣中查询图书


正题名:沼气技术与生态农业     索取号:S216.4/54         预约/预借

序号 登录号 条形码 馆藏地/架位号 状态 备注
1 1126679   211266798   第二样本阅览室/ [索取号:S216.4/54] 在馆    
2 1126680   211266805   密集书库-生命科学系/ [索取号:S216.4/54] 在馆    
3 1126681   211266814   第三借阅区/ [索取号:S216.4/54] 在馆    
4 1126682   211266823   第三借阅区/ [索取号:S216.4/54] 在馆    
5 1126683   211266832   第三借阅区/ [索取号:S216.4/54] 在馆    
唐山师范学院图书馆 欢迎您!
大连网信软件有限公司© 版权所有